| 000 | 01441cab a2200229 4500 | ||
|---|---|---|---|
| 001 | ##L133153 | ||
| 008 | 060418n2006 000 0 eng u | ||
| 035 | _a(Sirsi) u133153 | ||
| 041 | 0 | _aeng | |
| 245 | 0 | 0 | _aEdlington Properties Ltd v J H Fenner and Co Ltd |
| 260 | _c2006 | ||
| 490 | 0 |
_aEstates Gazette _v[2006] 13 EG 141 (CS) (1) |
|
| 520 | _aConcerns whether a tenant, where the reversion of a lease was transferred, might set off a damages claim arising from a breach by the original landlord against rent falling due after the transfer. Appeal by F against a HC decision ([2005] EWHC 2158 (QB), L131494) that it was not possible to set off a claim for damages in such circumstances. F contended that a tenant's right of equitable set-off against the original landlord was a right that ran with the land and therefore was enforceable against a purchase of the reversion. "Held": appeal dismissed. The tenant could not set off the damages claim unless the lease specifically provided for such a right. | ||
| 590 | _aIKA250406 | ||
| 650 | 2 | 4 | _aEDLINGTON PROPERTIES LTD V J H FENNER AND CO LTD |
| 650 | 2 | 4 | _aREEVES V POPE |
| 650 | 2 | 4 | _aMUSCAT V SMITH |
| 650 | 2 | 4 | _aNATIONAL PROVINCIAL BANK V AINSWORTH |
| 650 | 2 | 4 | _aCONNAUGHT RESTAURANTS LTD V INDOOR LEISURE LTD |
| 690 | _aPROPERTY-COMMERCIAL PROPERTY-LEASEHOLD COMMERCIAL PROPERTY-COMMERCIAL LANDLORD AND TENANT-COMMERCIAL LEASES-BREACHING COMMERCIAL LEASES | ||
| 942 | _n0 | ||
| 999 |
_c76830 _d76830 |
||